| 000 | 00368nam a22001457a 4500 | ||
|---|---|---|---|
| 003 | CEME | ||
| 005 | 20210628204152.0 | ||
| 008 | 210218b xxu||||| |||| 00| 0 eng d | ||
| 040 | _c. | ||
| 082 | _a351.1 GUI'D | ||
| 245 | _aA guide to perfomance evaluation ibstruction about a. C. R writing | ||
| 260 |
_aRAWALPINDI _bS.S _c1997 |
||
| 300 | _a109P | ||
| 942 |
_cBK _2ddc |
||
| 999 |
_c576487 _d576487 |
||